La forja de una nación: el comercio exterior como factor de cambio social en la interpretación de la realidad costarricense /

Puntos de vista jurídico, económico y político relativos a la interpretación de la realidad costarricense. Analiza los intereses de las clases que integran el gobierno y las fuerzas que dieron origen al Estado, hasta la época actual, recurre para ello a la investigación histórica étnica, lingüística...

詳細記述

保存先:
書誌詳細
第一著者: Quesada López - Calleja, Ricardo
フォーマット: 学位論文
出版事項: San José: Universidad de Costa Rica
主題:
タグ: タグ追加
タグなし, このレコードへの初めてのタグを付けませんか!

MARC

LEADER 00000 a a2200000 04500
001 20150
003
040 |a CRAI/IIS  |c CRAI/IIS 
090 |a 08307.00  
100 |a Quesada López - Calleja, Ricardo  
245 |a La forja de una nación:   |b el comercio exterior como factor de cambio social en la interpretación de la realidad costarricense /  |c Ricardo Quesada López - Calleja 
260 |a San José:   |b Universidad de Costa Rica  
300 |a 438 páginas  
500 |a Dos tomos  
502 |a Tesis (Licenciado en Derecho) -- Universidad de Costa Rica. Facultad de Derecho, 1974  
520 |a Puntos de vista jurídico, económico y político relativos a la interpretación de la realidad costarricense. Analiza los intereses de las clases que integran el gobierno y las fuerzas que dieron origen al Estado, hasta la época actual, recurre para ello a la investigación histórica étnica, lingüística, comercial, religiosa. Contiene anexos variados sobre la historia de Costa Rica./ACM  
650 |a ESTADO  
650 |a NACION  
650 |a COMERCIO EXTERIOR  
650 |a HISTORIA ECONOMICA  
650 |a LEGISLACION  
999 |c 18045  |d 18045